Missing Word: Sci-Fi TV Shows Quiz Stats

 Plays Quiz Updated Sep 28, 2017

Challenge
Share
Tweet
Embed
Score 0/18 Timer 02:00
1 Play Today
TV Show Answer % Correct
The Six _____ Dollar ManMillion
95.5%
Star Trek: The _____ GenerationNext
95.4%
_____ GalacticaBattlestar
95.3%
_____ in SpaceLost
89%
The _____ ZoneTwilight
87.4%
Quantum _____Leap
83.8%
The Bionic _____Woman
83%
Doctor _____Who
82.2%
Flash _____Gordon
81.3%
TV Show Answer % Correct
The _____ LimitsOuter
78.1%
Babylon _____5
74%
Star Wars: The _____ WarsClone
68.7%
_____ SG-1Stargate
67.7%
_____ Rogers 25th CenturyBuck
62.5%
My Favorite _____Martian
60.8%
Logan's _____Run
60.8%
Mystery _____ Theater 3000Science
53.1%
_____ AngelDark
49.8%

Today's Daily Dose

You're not logged in!

Compare scores with friends on all Sporcle quizzes.
Join for Free
OR
Log In

You Might Also Like...

Show Comments

Extras

Top Quizzes Today


Score Distribution

Your Account Isn't Verified!

In order to create a playlist on Sporcle, you need to verify the email address you used during registration. Go to your Sporcle Settings to finish the process.

Report this User

Report this user for behavior that violates our Community Guidelines.

Details: